| 000 | 00532nam a2200181Ia 4500 | ||
|---|---|---|---|
| 003 | IN-BaIIA | ||
| 008 | 211028s9999 xx 000 0 eng d | ||
| 040 | _cIIA Library | ||
| 080 |
_a523.31 _bCOX |
||
| 100 |
_aCoxworthy, Franklin _91158 |
||
| 245 | 0 |
_aElectrical condition _bhow and where our earth was created _cFranklin Coxworthy |
|
| 260 |
_aLondon _bJ S Phillips _c1924 |
||
| 300 | _axiii, 163p. | ||
| 650 | _aAstronomy and astrophysics thesaurus | ||
| 650 | _aEarth | ||
| 650 |
_aEarth - origin _91159 |
||
| 942 | _cBK | ||
| 999 |
_c504 _d504 |
||